[Event "Cappelle op 27th"]
[Site "Cappelle la Grande"]
[Date "2011.02.28"]
[Round "3"]
[White "Miedema, David"]
[Black "Baumhauer, Christian"]
[Result "1-0"]
[WhiteElo "2387"]
[BlackElo "2043"]
[PlyCount "77"]
[EventDate "2011.02.26"]
[EventType "swiss"]
[EventRounds "9"]
[EventCountry "FRA"]
[SourceTitle "CBM 141 Extra"]
[Source "ChessBase"]
[SourceDate "2011.05.03"]
[SourceVersion "1"]
[SourceVersionDate "2011.05.03"]
[SourceQuality "1"]

1. d4 Nf6 2. c4 e6 3. Nf3 b6 4. g3 Ba6 5. Qc2 Bb4+ 6. Bd2 Qe7 7. Bg2 Bb7 8. 0-0 Bxd2 9. Nbxd2 d6 10. e4 e5 11. Nh4 g6 12. f4 Nc6 13. Nhf3 0-0 14. d5 Nb8 15. b4 Nbd7 16. fxe5 dxe5 17. Qc3 a5 18. a3 Ne8 19. Bh3 f6 20. Be6+ Kh8 21. Bxd7 Qxd7 22. Nxe5 Qe7 23. Nd3 Ng7 24. Rae1 Kg8 25. Nf3 axb4 26. axb4 Bc8 27. Nd4 Nh5 28. Nc6 Qd7 29. Nf4 Nxf4 30. Rxf4 Qh3 31. Rxf6 Re8 32. Ref1 Bf5 33. exf5 Ra2 34. Ne7+ Rxe7 35. Rf8+ Kxf8 36. Qh8+ Kf7 37. fxg6+ Kxg6 38. Qf6+ Kh5 39. Rf5+ 1-0

[Event "Cappelle op 27th"]
[Site "Cappelle la Grande"]
[Date "2011.02.27"]
[Round "2"]
[White "Baumhauer, Christian"]
[Black "Dubois, Vincent"]
[Result "1-0"]
[WhiteElo "2043"]
[BlackElo "1859"]
[PlyCount "47"]
[EventDate "2011.02.26"]
[EventType "swiss"]
[EventRounds "9"]
[EventCountry "FRA"]
[SourceTitle "CBM 141 Extra"]
[Source "ChessBase"]
[SourceDate "2011.05.03"]
[SourceVersion "1"]
[SourceVersionDate "2011.05.03"]
[SourceQuality "1"]

1. Nf3 Nf6 2. c4 g6 3. Nc3 Bg7 4. g3 c6 5. e4 d5 6. cxd5 cxd5 7. e5 Ng4 8. d4 f6 9. h3 Nh6 10. Qb3 e6 11. Bg2 Nc6 12. Bf4 fxe5 13. dxe5 Nf7 14. 0-0 Nfxe5 15. Nxe5 Bxe5 16. Bxe5 Nxe5 17. Rae1 Nf7 18. Bxd5 Ng5 19. h4 Kf8 20. hxg5 exd5 21. Nxd5 Qxg5 22. Qb4+ Kg7 23. Qd4+ Kh6 24. Re4 1-0

[Event "Montigny le Bretonneux-A 8th"]
[Site "Montigny le Bretonneux"]
[Date "2009.10.28"]
[Round "5"]
[White "Debray, Christopher"]
[Black "Baumhauer, Christian"]
[Result "0-1"]
[WhiteElo "2328"]
[BlackElo "2097"]
[PlyCount "82"]
[EventDate "2009.10.24"]
[EventType "tourn"]
[EventRounds "9"]
[EventCountry "FRA"]
[SourceTitle "EXT 2010"]
[Source "ChessBase"]
[SourceDate "2010.11.25"]
[SourceVersion "1"]
[SourceVersionDate "2010.11.25"]
[SourceQuality "1"]

1. d4 Nf6 2. c4 e6 3. Nc3 Bb4 4. e3 b6 5. Nge2 Bb7 6. a3 Be7 7. d5 d6 8. e4 0-0 9. Ng3 c6 10. Be2 Nbd7 11. 0-0 Re8 12. Bf4 Nf8 13. Qa4 cxd5 14. cxd5 a6 15. dxe6 Nxe6 16. Be3 Nc5 17. Bxc5 dxc5 18. e5 Nd5 19. Nxd5 Bxd5 20. Rad1 b5 21. Qg4 Ra7 22. a4 c4 23. axb5 axb5 24. Nf5 g6 25. e6 Qa8 26. Nh6+ Kg7 27. exf7 Bxf7 28. Bf3 Qb8 29. Nxf7 Kxf7 30. Rfe1 Bf6 31. Bd5+ Kg7 32. b3 c3 33. Qb4 Rxe1+ 34. Rxe1 Qe5 35. Qe4 Qd6 36. Qf3 Rd7 37. Be4 Qd2 38. Kf1 c2 39. Qe3 Bc3 40. Qxd2 Rxd2 41. Bxc2 Rxc2 0-1

[Event "Montigny le Bretonneux-A 8th"]
[Site "Montigny le Bretonneux"]
[Date "2009.10.24"]
[Round "1"]
[White "Baumhauer, Christian"]
[Black "Msellek, Ilyass"]
[Result "1-0"]
[WhiteElo "2097"]
[BlackElo "1942"]
[PlyCount "79"]
[EventDate "2009.10.24"]
[EventType "tourn"]
[EventRounds "9"]
[EventCountry "FRA"]
[SourceTitle "EXT 2010"]
[Source "ChessBase"]
[SourceDate "2010.11.25"]
[SourceVersion "1"]
[SourceVersionDate "2010.11.25"]
[SourceQuality "1"]

1. Nf3 Nf6 2. c4 g6 3. d4 Bg7 4. Nc3 0-0 5. e4 d6 6. Be2 e5 7. 0-0 exd4 8. Nxd4 Re8 9. f3 Nc6 10. Nc2 Nd7 11. Be3 Nf8 12. Qd2 Bd7 13. Rab1 a5 14. Bg5 f6 15. Bh4 Be6 16. Nd5 Nd7 17. b3 Qb8 18. Kh1 b6 19. Nce3 Qb7 20. f4 Bxd5 21. cxd5 Na7 22. Bf3 Rf8 23. Nc2 Rae8 24. Nd4 Nc5 25. Rbe1 Kh8 26. a3 Rf7 27. b4 axb4 28. axb4 Nd7 29. Ne6 Nf8 30. Nxg7 Kxg7 31. e5 fxe5 32. fxe5 dxe5 33. Qb2 Nd7 34. d6 Qa6 35. dxc7 Qc4 36. Bd8 Nc8 37. Rc1 Qb5 38. Rfe1 Kg8 39. Be2 Qd5 40. Bc4 1-0

[Event "Orsay-B"]
[Site "Orsay"]
[Date "2009.02.16"]
[Round "2"]
[White "Baumhauer, Christian"]
[Black "Gidel, Jean Louis"]
[Result "1/2-1/2"]
[WhiteElo "2031"]
[BlackElo "2160"]
[PlyCount "113"]
[EventDate "2009.02.15"]
[EventType "tourn"]
[EventRounds "7"]
[EventCountry "FRA"]
[SourceTitle "CBM 129 Extra"]
[Source "ChessBase"]
[SourceDate "2009.05.05"]
[SourceVersion "2"]
[SourceVersionDate "2009.05.20"]
[SourceQuality "1"]

1. Nf3 d5 2. c4 c6 3. e3 Nf6 4. Nc3 Bg4 5. Qb3 Qb6 6. Ne5 Qxb3 7. axb3 e6 8. f3 Bf5 9. g4 Bc2 10. d4 Bxb3 11. c5 Nfd7 12. Nxd7 Nxd7 13. Kd2 g6 14. Ra3 Bc4 15. Bxc4 dxc4 16. Na2 Bg7 17. Ke2 e5 18. Rd1 0-0 19. Ra4 Rfe8 20. Kf2 exd4 21. exd4 Nf6 22. Rxc4 Nd5 23. Nb4 Rad8 24. Nxd5 Rxd5 25. Be3 f5 26. g5 Rf8 27. f4 Re8 28. Kf3 Rd7 29. Ra4 a6 30. Ra3 Re4 31. Rad3 Kf7 32. Bf2 Ke6 33. b3 Kd5 34. h4 Ke6 35. R3d2 Bf8 36. Re2 Rxe2 37. Kxe2 Kd5 38. Kd3 Re7 39. Rc1 Bg7 40. Rc4 Bf8 41. Be3 Re4 42. Ra4 h5 43. Ra1 Be7 44. Ke2 Bd8 45. Ra4 Bc7 46. Kf3 Bd8 47. Rb4 Re7 48. Ra4 Bc7 49. Rb4 Ba5 50. Rc4 Be1 51. Rc1 Bxh4 52. Bd2 Re4 53. Bc3 Ke6 54. Rg1 Kd5 55. Rc1 Ke6 56. Rg1 Kd5 57. Rc1 1/2-1/2

[Event "FRA-ch op-A"]
[Site "Aix les Bains"]
[Date "2007.08.17"]
[Round "4"]
[White "Baumhauer, Christian"]
[Black "Laruelle, Joel"]
[Result "0-1"]
[WhiteElo "2027"]
[BlackElo "2139"]
[PlyCount "102"]
[EventDate "2007.08.13"]
[EventType "swiss"]
[EventRounds "11"]
[EventCountry "FRA"]
[SourceTitle "CBM 120 Extra"]
[Source "ChessBase"]
[SourceDate "2007.11.01"]
[SourceVersion "1"]
[SourceVersionDate "2007.11.01"]
[SourceQuality "1"]

1. d4 Nf6 2. Nf3 g6 3. c4 Bg7 4. Nc3 d5 5. cxd5 Nxd5 6. e4 Nxc3 7. bxc3 c5 8. Bc4 0-0 9. 0-0 cxd4 10. cxd4 Nc6 11. Be3 Bg4 12. e5 Rc8 13. Be2 Qd5 14. Qa4 Bd7 15. Qb3 Be6 16. Qa3 Qa5 17. Qb2 Bd5 18. Rfc1 Qb4 19. Rab1 Qxb2 20. Rxb2 e6 21. Kf1 Ne7 22. Ne1 Rxc1 23. Bxc1 Rc8 24. Be3 Nf5 25. g4 Nxe3+ 26. fxe3 Rc3 27. Nd3 b6 28. Ke1 Bh6 29. Kd2 Ra3 30. h4 Bxa2 31. g5 Bf8 32. Nf4 Bb3 33. Bd3 Bb4+ 34. Ke2 Ra2 35. Rxa2 Bxa2 36. h5 a5 37. h6 a4 38. e4 Bc3 39. Ke3 a3 40. Ne2 Bb2 41. Kd2 Bb3 42. Nc1 Ba4 43. d5 Bxe5 44. Na2 exd5 45. exd5 Bb3 46. Bb1 Bxd5 47. Ke3 f5 48. gxf6 Bxf6 49. Kf4 Bb2 50. Nb4 Be6 51. Ba2 Kf7 0-1

[Event "FRA-chT1A 0607"]
[Site "France"]
[Date "2007.02.11"]
[Round "8.4"]
[White "Demuth, Adrien"]
[Black "Baumhauer, Christian"]
[Result "1-0"]
[WhiteElo "2174"]
[BlackElo "2045"]
[PlyCount "103"]
[EventDate "2006.10.15"]
[EventType "team-tourn"]
[EventRounds "11"]
[EventCountry "FRA"]
[SourceTitle "EXT 2008"]
[Source "ChessBase"]
[SourceDate "2007.11.25"]
[SourceVersion "1"]
[SourceVersionDate "2007.11.25"]
[SourceQuality "1"]
[WhiteTeam "Niort"]
[BlackTeam "Evry Grand Roque II"]
[WhiteTeamCountry "FRA"]
[BlackTeamCountry "FRA"]

1. d4 d5 2. c4 e6 3. Nc3 Nf6 4. Bg5 Be7 5. Nf3 Nbd7 6. cxd5 exd5 7. e3 0-0 8. Bd3 Re8 9. Qc2 c6 10. 0-0 Nf8 11. h3 Ng6 12. Rab1 Ne4 13. Bxe7 Qxe7 14. b4 Nh4 15. Bxe4 dxe4 16. Nxh4 Qxh4 17. Kh2 b6 18. a4 Bd7 19. f4 exf3 20. Rxf3 Qh6 21. Qd3 Rad8 22. b5 c5 23. d5 Re5 24. Rbf1 Rde8 25. e4 f6 26. Rf4 Qg6 27. Qc4 h6 28. a5 Kh7 29. axb6 axb6 30. Ra1 f5 31. exf5 Bxf5 32. Rf3 Re3 33. Qf4 Rxf3 34. gxf3 Qh5 35. h4 Re7 36. Rg1 Rf7 37. Kg3 g5 38. hxg5 hxg5 39. Qc4 Qh3+ 40. Kf2 g4 41. Qf4 Qxf3+ 42. Qxf3 gxf3 43. Kxf3 Bg6+ 44. Ke3 Re7+ 45. Kf4 Kg7 46. d6 Rb7 47. Ke5 Kf7 48. Kd5 Bh5 49. Rf1+ Ke8 50. Kc6 Rg7 51. Nd5 Be2 52. Nc7+ 1-0

[Event "FRA-chT1A 0607"]
[Site "France"]
[Date "2007.02.10"]
[Round "7.7"]
[White "Baumhauer, Christian"]
[Black "Carton, Camille"]
[Result "1/2-1/2"]
[WhiteElo "2045"]
[BlackElo "2203"]
[PlyCount "76"]
[EventDate "2006.10.15"]
[EventType "team-tourn"]
[EventRounds "11"]
[EventCountry "FRA"]
[SourceTitle "EXT 2008"]
[Source "ChessBase"]
[SourceDate "2007.11.25"]
[SourceVersion "1"]
[SourceVersionDate "2007.11.25"]
[SourceQuality "1"]
[WhiteTeam "Evry Grand Roque II"]
[BlackTeam "Noyon"]
[WhiteTeamCountry "FRA"]
[BlackTeamCountry "FRA"]

1. Nf3 d5 2. d4 c6 3. c4 e6 4. e3 Nf6 5. Bd3 Nbd7 6. 0-0 Bd6 7. Nc3 0-0 8. e4 dxc4 9. Bxc4 e5 10. Bb3 exd4 11. Qxd4 Bc5 12. Qd3 Ng4 13. Na4 Qf6 14. Qc2 Bb4 15. a3 Ba5 16. Bg5 Qg6 17. Bf4 b5 18. Nc3 Nc5 19. Ba2 Ne6 20. Bg3 Bb6 21. Rad1 Ba6 22. b4 Rfd8 23. Ne2 Bb7 24. Nh4 Qh5 25. Nf5 Rxd1 26. Rxd1 c5 27. Bxe6 fxe6 28. Nf4 Qe8 29. Nd6 Qc6 30. Nxb7 Qxb7 31. bxc5 Qc6 32. Qe2 Bxc5 33. Qxg4 Bxa3 34. Nxe6 Bb2 35. e5 g6 36. Nd4 Qb6 37. Qf3 Rf8 38. Qc6 Bxd4 1/2-1/2

[Event "Montigny le Bretonneux Noel op 09th"]
[Site "Montigny le Bretonneux"]
[Date "2006.12.27"]
[Round "6"]
[White "Baumhauer, Christian"]
[Black "Chasez, Fabien"]
[Result "1/2-1/2"]
[WhiteElo "2030"]
[BlackElo "1952"]
[PlyCount "118"]
[EventDate "2006.12.27"]
[EventType "swiss"]
[EventRounds "7"]
[EventCountry "FRA"]
[SourceTitle "CBM 116 Extra"]
[Source "ChessBase"]
[SourceDate "2007.03.07"]
[SourceVersion "1"]
[SourceVersionDate "2007.03.07"]
[SourceQuality "1"]

1. Nf3 Nf6 2. g3 b6 3. Bg2 Bb7 4. 0-0 e6 5. c4 Be7 6. Nc3 0-0 7. d4 d5 8. Ne5 c6 9. cxd5 cxd5 10. Bg5 Nbd7 11. Qd3 Nxe5 12. dxe5 Nd7 13. Bxe7 Qxe7 14. f4 Nc5 15. Qd4 a6 16. b4 Nd7 17. Rad1 Rac8 18. a3 Rc4 19. Qd2 Rfc8 20. Rc1 Nf8 21. Na4 Qc7 22. Rxc4 dxc4 23. Bxb7 Qxb7 24. Qd4 b5 25. Nc5 Qc6 26. Rd1 a5 27. Qd6 axb4 28. Qxc6 Rxc6 29. axb4 Rc8 30. Kf2 Ng6 31. Rd7 Kf8 32. Ke3 Ne7 33. Kd4 Nd5 34. Rb7 Rd8 35. Rxb5 Nc7+ 36. Kxc4 Nxb5 37. Kxb5 Rb8+ 38. Ka5 Ke8 39. b5 Kd8 40. b6 Ra8+ 41. Kb5 Rb8 42. b7 Kc7 43. Na6+ Kxb7 44. Nxb8 Kxb8 45. Kb6 Kc8 46. Kc6 Kd8 47. Kd6 Ke8 48. g4 g6 49. g5 Kd8 50. h4 Ke8 51. Kc7 Ke7 52. Kc6 Kd8 53. Kc5 Kc7 54. Kd4 Kc6 55. e4 Kd7 56. f5 Kc6 57. fxe6 fxe6 58. Kc4 Kb6 59. Kb4 Kc6 1/2-1/2

[Event "Montigny le Bretonneux Noel op 09th"]
[Site "Montigny le Bretonneux"]
[Date "2006.12.27"]
[Round "5"]
[White "Douat, Jean"]
[Black "Baumhauer, Christian"]
[Result "0-1"]
[WhiteElo "1891"]
[BlackElo "2030"]
[PlyCount "60"]
[EventDate "2006.12.27"]
[EventType "swiss"]
[EventRounds "7"]
[EventCountry "FRA"]
[SourceTitle "CBM 116 Extra"]
[Source "ChessBase"]
[SourceDate "2007.03.07"]
[SourceVersion "1"]
[SourceVersionDate "2007.03.07"]
[SourceQuality "1"]

1. e4 c5 2. Nf3 e6 3. d4 cxd4 4. Nxd4 a6 5. Nc3 Qc7 6. Be3 Nf6 7. Be2 Bb4 8. Qd3 Nc6 9. 0-0 Ne5 10. Qd1 Bxc3 11. bxc3 Nxe4 12. c4 Nc3 13. Qd2 Nxe2+ 14. Qxe2 Nxc4 15. Bg5 0-0 16. Qg4 f5 17. Qh5 d6 18. Rfe1 e5 19. Nf3 Qf7 20. Qh4 f4 21. Rad1 Re8 22. Bd8 h6 23. Nd2 Nxd2 24. Rxd2 d5 25. Bb6 Bd7 26. c4 d4 27. Rde2 Qxc4 28. g4 Bc6 29. g5 Qd5 30. Qg4 Qh1# 0-1

[Event "Malakoff op 5th"]
[Site "Malakoff"]
[Date "2006.04.08"]
[Round "1"]
[White "Baumhauer, Christian"]
[Black "Kizov, Atanas"]
[Result "0-1"]
[WhiteElo "1996"]
[BlackElo "2427"]
[PlyCount "98"]
[EventDate "2006.04.08"]
[EventType "swiss"]
[EventRounds "9"]
[EventCountry "FRA"]
[SourceTitle "CBM 111 Extra"]
[Source "ChessBase"]
[SourceDate "2006.05.09"]
[SourceVersion "1"]
[SourceVersionDate "2006.05.09"]
[SourceQuality "1"]

1. d4 d5 2. c4 dxc4 3. Nf3 c5 4. e3 cxd4 5. Bxc4 Qc7 6. Qb3 e6 7. exd4 Nf6 8. 0-0 Nc6 9. Nc3 a6 10. Qd1 Be7 11. Qe2 0-0 12. a3 b5 13. Bd3 Bb7 14. Bg5 g6 15. Rac1 Rad8 16. Bb1 Qb8 17. Rfd1 Ng4 18. Bxe7 Nxd4 19. Rxd4 Bxf3 20. Rxg4 Bxe2 21. Nxe2 Rd2 22. Bxf8 Kxf8 23. Re4 Rxb2 24. Re3 Rd2 25. g3 Qd6 26. Kg2 Kg7 27. Be4 a5 28. Bf3 Rd3 29. Rxd3 Qxd3 30. Rc3 Qd2 31. Re3 Qb2 32. Nf4 g5 33. Nh5+ Kf8 34. g4 b4 35. axb4 a4 36. Bc6 Qxb4 37. Re4 Qb6 38. Bxa4 Qb7 39. f3 f5 40. gxf5 exf5 41. Re6 Qb2+ 42. Kh3 Qb4 43. Be8 Qc4 44. Re5 Qf1+ 45. Kg3 Qg1+ 46. Kh3 g4+ 47. Kh4 Qxh2+ 48. Kg5 Qxe5 49. Nf6 Qxf6+ 0-1

[Event "FRA-ch op-A"]
[Site "Aix les Bains"]
[Date "2003.08.21"]
[Round "3"]
[White "Renard, Stephane"]
[Black "Baumhauer, Christian"]
[Result "1/2-1/2"]
[WhiteElo "2024"]
[BlackElo "2071"]
[PlyCount "97"]
[EventDate "2003.08.19"]
[EventType "swiss"]
[EventRounds "11"]
[EventCountry "FRA"]
[SourceTitle "EXT 2020"]
[Source "ChessBase"]
[SourceDate "2019.10.17"]
[SourceVersion "1"]
[SourceVersionDate "2019.10.17"]
[SourceQuality "1"]

1. f4 d5 2. Nf3 g6 3. e3 Bg7 4. Be2 b6 5. 0-0 e6 6. d4 Ne7 7. b3 0-0 8. Bb2 Ba6 9. c4 Nd7 10. Nc3 Nf6 11. Rc1 Nf5 12. Qd2 Nd6 13. Ne5 Nfe4 14. Nxe4 Nxe4 15. Qc2 Bxe5 16. fxe5 Rc8 17. Bd3 Bb7 18. Bxe4 dxe4 19. Rf6 Qe7 20. Rcf1 c5 21. Qf2 Kg7 22. Qh4 Rc7 23. R1f4 h6 24. d5 Rd7 25. Qg4 h5 26. Qh3 Qd8 27. d6 b5 28. g4 hxg4 29. Qxg4 Qa5 30. Qe2 bxc4 31. h4 cxb3 32. h5 Ba6 33. Qf2 bxa2 34. hxg6 a1Q+ 35. Bxa1 Qxa1+ 36. Kg2 Qf1+ 37. Qxf1 Bxf1+ 38. Kxf1 Rb7 39. gxf7 Rfxf7 40. Rg4+ Kf8 41. Rxf7+ Kxf7 42. Rxe4 Rb4 43. Rf4+ Rxf4+ 44. exf4 a5 45. Ke2 c4 46. Kd2 a4 47. Kc3 a3 48. Kc2 Ke8 49. Kc3 1/2-1/2

[Event "Paris-ch op-B"]
[Site "Paris"]
[Date "2002.07.09"]
[Round "4.32"]
[White "Baumhauer, Christian"]
[Black "Ganem, Adrien"]
[Result "0-1"]
[WhiteElo "1940"]
[BlackElo "1810"]
[PlyCount "46"]
[EventDate "2002.07.06"]
[EventType "swiss"]
[EventRounds "7"]
[EventCountry "FRA"]
[SourceTitle "EXT 2003"]
[Source "ChessBase"]
[SourceDate "2002.11.25"]
[SourceVersion "1"]
[SourceVersionDate "2002.11.25"]
[SourceQuality "1"]

1. e4 e6 2. d4 d5 3. Nd2 c5 4. c3 cxd4 5. cxd4 dxe4 6. Nxe4 Bb4+ 7. Nc3 Nf6 8. Nf3 0-0 9. a3 Bxc3+ 10. bxc3 Ne4 11. Bd3 Nxc3 12. Bxh7+ Kxh7 13. Ng5+ Qxg5 14. Qd3+ Qf5 15. Qxc3 Qe4+ 16. Kf1 b6 17. Kg1 Ba6 18. Be3 Nd7 19. Rd1 Rac8 20. Qe1 Rc2 21. f3 Qg6 22. Qh4+ Kg8 23. g4 Be2 0-1